000 03801cam a22012734i 4500
003 PE-LiUPU
005 20250813185637.0
008 150702s2014 pe a r 000 0 spa d
020 _a9972234983
020 _a9789972234989
035 _a(Sirsi) i9789972234989
040 _aPE-LIUPU
_bspa
_cPE-LIUPU
_dPE-LiUPU
_erda
049 _aPRUA
082 0 4 _a343.8
_bA45 2014
100 1 _aAlva Matteucci, Mario,
_eautor.
245 1 0 _aCierre contable tributario 2014 :
_bgastos deducibles y reparos tributarios /
_cMario Alva Matteucci [y otros once].
250 _aPrimera edición.
264 _aLima :
_bInstituto Pacífico,
_c2014.
300 _a394 páginas :
_bilustraciones ;
_c24 centímetros
336 _atext
_2rdacontent
337 _aunmediated
_2rdamedia
338 _avolume
_2rdacarrier
505 0 _aMarco tributario -- Principales gastos deducibles: artículo 37° de la Ley del IR -- Gastos prohibidos artículo 44° de la LIR -- Sistema actual de compesación de pérdida tributaria -- Aspectos contables aplicables al cierre contable y tributario -- Casos prácticos-periodo 2014.
526 _aP202
526 _aP201
526 _aP163
526 _aP162
526 _aP161
526 _aP160
526 _aP148
526 _aP147
526 _aP146
526 _aP145
526 _aP144
526 _aP143
526 _aP142
526 _aP141
526 _aP140
526 _aP139
526 _aP138
526 _aP137
526 _aP136
526 _aP135
526 _aP134
526 _aP133
526 _aP129
526 _aP128
526 _aP127
526 _aP120
526 _aP119
526 _aP118
526 _aP116
526 _aP115
526 _aP114
526 _aP110
526 _aP109
526 _aP108
526 _aP104
526 _aP103
526 _aP102
526 _aP99
526 _aP98
526 _aP97
526 _aP96
526 _aP95
526 _aP93
526 _aP90
526 _aP89
526 _aP88
526 _aP83
526 _aP82
526 _aP62
526 _aP59
526 _aP58
526 _aP57
526 _aP51
526 _aP49
526 _aP48
526 _aP47
526 _aP29
526 _aP24
526 _aP20
526 _aP19
526 _aP17
526 _aP15
526 _aP14
526 _aP12
526 _aP10
526 _aP09
526 _aP08
526 _aP07
526 _aP06
526 _aP05
526 _aP04
526 _aP01
541 _g001-0039190;
541 _g001-040347;
650 1 4 _aContabilidad
_xAspectos tributarios.
650 1 4 _aImpuesto a renta
_zPerú.
650 1 4 _aReparos tributarios
_zPerú.
910 _aaas
_bjck
_caas
_d20150702
942 _2ddc
_cBOOK
949 _a343.8 A45 2014
_wDEWEY
_c1
_i71553
_d2016-11-20
_e2016-11-20
_kCHECKEDOUT
_lCCODEBUL1
_mBUL
_n11
_p25.24
_rM
_sY
_tBOOK
_u2015-7-2
_xFCE
_0COMPRA
_o.STAFF. Colección General
949 _a343.8 A45 2014
_wDEWEY
_c2
_i72342
_d2016-11-4
_e2016-11-3
_lCCODEBUL1
_mBUL
_n1
_p23.46
_r0
_sY
_tBOOK
_u2016-1-7
_xFCE
_PP08
_0COMPRA
_o.STAFF. Colección Ciencias Empresariales
994 _aC0
_bPEPRU
596 _a1
999 _a343.8 A45 2014
_wDEWEY
_c56333
_i71553
_d56333
_e2017-10-31
_f2021-11-5
_g6
_lCCODEBUL1
_mBUL
_n13
_p25.24
_q2
_r0
_sY
_tBOOK
_u2015-7-2
_xFCE
_PP08
_0COMPRA
_o.STAFF. Colección General
999 _a343.8 A45 2014
_wDEWEY
_c2
_i72342
_d2019-6-18
_e2019-6-11
_f2021-11-5
_g6
_lCCODEBUL1
_mBUL
_n7
_p23.46
_r0
_sY
_tBOOK
_u2016-1-7
_xFCE
_zP08
_0COMPRA
_o.STAFF. Colección Ciencias Empresariales
980 _81
_gALBERTO SANCHEZ Responsable de Automatización